000 00663nam a2200241 i 4500
001 C2-0277734
003 PPAK
005 20180728005641.0
008 070123s2003 nyua|||| ||||| | eng d
020 _a0393967948
040 _aPPAK
_beng
_cPPAK
_erda
082 0 4 _a813.52
_223
090 0 0 _a813.52
_bWHA
_dLCK
100 1 _aWharton, Edith,
_eauthor
245 1 4 _aThe age of innocence
264 1 _aNew York :
_bW.W. Norton & Company ,
_c2003
300 _axx, 524 pages :
_billustrations ;
_c24 cm
336 _2rdacontent
_atext
337 _2rdamedia
_aunmediated
338 _2rdacarrier
_avolume
650 1 0 _aUpper class - Fiction.
942 _ddc
_cB
999 _c84856
_d84856